| 000 | 01387cab a2200205 4500 | ||
|---|---|---|---|
| 001 | L130697 | ||
| 008 | 050824n2005 000 0 eng u | ||
| 035 | _a(Sirsi) u130697 | ||
| 041 | _aeng | ||
| 110 |
_aOffice of the Deputy Prime Minister _94685 |
||
| 245 | _aFactsheet 14: Tenancy deposit schemes | ||
| 260 |
_aLondon _bODPM _c2005 |
||
| 490 | _aODPM Housing Factsheet | ||
| 520 | _aProvides an introduction to the concept of the tenancy deposit scheme which is part of a government drive to ensure that a tenant paying a deposit to their landlord in good faith will have it back at the end of the tenancy provided that the tenant does not cause any damage or theft to the property. Where private sector landlords or their agents require tenancy deposits they should be safeguarded by a tenancy deposit scheme. Contains background to the schemes, proposed changes to the Housing Act 2004, frequently asked questions and details of the future implementation of the provisions. | ||
| 650 | _aHOUSING ACT 2004 | ||
| 650 | _aHOUSING ACT 2004 PART VI | ||
| 690 | _aPROPERTY-RESIDENTIAL PROPERTY-RESIDENTIAL LANDLORD AND TENANT-RESIDENTIAL LANDLORD AND TENANT REFORM | ||
| 856 |
_uhttps://webarchive.nationalarchives.gov.uk/+/http://www.communities.gov.uk/index.asp?id=1152036 _zView the ODPM factsheet free of charge at the webarchive.nationalarchives.gov.uk website. |
||
| 942 | _n0 | ||
| 999 |
_c75778 _d75778 |
||